00884nam a22001817a 45000010011000000030009000110050017000200070011000370080041000480200018000890400022001072450091001292460055002202600031002753000030003065000195003365050171005310000090198DO-SdBNP20160518094740.00000090198160518b xxu||||| |||| 00| 0 spa d a9789945467048 aBPMSUbspacBPMSU00amanuel laboratorio biología y química, para el 3 bachillerato :beducacion media /00aQuímica / biología : bmanuel de laboratorio / aSanto Domingo : bDisesa,  a45 p. : bil. ; c27 cm.  aEste texto está concebido y elaborado bajo los criterios y la estructura del currículo vigente para el 3 curso Bachillerato, educación media, de la Secretaria de Estado de Educación. tSeguridad en el laboratorio -- tÁrea de biología: bloque de contenidos de biología 3 de bachillerato --tBloque de contenido de química y sus experimentos --